Country Quiz: Laos Stats

 Plays Quiz not verified by Sporcle

Challenge
Share
Tweet
Embed
Score 0/24 Timer 05:00
0 Plays Today
Hint Answer % Correct
Internet Country Code.la
97.1%
NationalityLao
96.7%
Major Ethnic GroupLao
96.7%
Official LanguageLao
96.7%
Flag ColorRed
96.2%
Flag ColorBlue
95.8%
Flag ColorWhite
95.3%
Bordering CountryVietnam
94.7%
Bordering CountryThailand
93.5%
ContinentAsia
93.3%
Bordering CountryCambodia
93.1%
Bordering CountryChina
92.7%
Hint Answer % Correct
Drives on the...Right
90.9%
Major ReligionBuddhist
88%
Conventional NameLaos
87.8%
Bordering CountryMyanmar
83.5%
Age of Suffrage18
82.2%
Capital CityVientiane
80.4%
Independence Gained FromFrance
79.1%
Government TypeCommunist
60.6%
CurrencyKip (LAK)
50.8%
National HolidayRepublic Day
39%
Official NameLao People's Democratic Republic
33.9%
Independence DayJuly 19
13.8%

You're not logged in!

Compare scores with friends on all Sporcle quizzes.
OR
Log In

You Might Also Like...

Show Comments

Extras

Created May 17, 2011ReportNominate
Tags:Country Quiz

Top Quizzes Today


Score Distribution

Your Account Isn't Verified!

In order to create a playlist on Sporcle, you need to verify the email address you used during registration. Go to your Sporcle Settings to finish the process.

Report this User

Report this user for behavior that violates our Community Guidelines.

Details: